000
00353nam a2200157Ia 4500
008
200601s9999 xx 000 0 und d
020
_a
0-440-19348-6
050
_a
FIC Aa7v
050
_b
1982
100
_a
Asheim, Ashley
245
0
_a
Vulcan Rising /
260
_a
New York :
260
_b
Del Books.
260
_c
1982
300
_a
299 pages :
999
_c
363451
_d
363451